[Event "ESP-chT Honor Gp1"]
[Site "Lugo"]
[Date "2007.06.21"]
[Round "2"]
[White "Pelletier, Yannick"]
[Black "Kasimdzhanov, Rustam"]
[Result "0-1"]
[WhiteElo "2602"]
[BlackElo "2677"]
[Annotator "Pelletier,Y"]
[PlyCount "90"]
[EventDate "2007.06.20"]
[EventType "team"]
[EventRounds "5"]
[EventCountry "ESP"]
[SourceTitle "CBM 119"]
[Source "ChessBase"]
[SourceDate "2007.08.01"]
[SourceVersion "1"]
[SourceVersionDate "2007.08.01"]
[SourceQuality "1"]

1. d4 d5 2. c4 c6 3. Nf3 Nf6 4. Nc3 e6 5. Bg5 h6 6. Bh4 dxc4 7. e4 g5 8. Bg3 b5
9. Be2 Bb7 10. h4 g4 11. Ne5 Nbd7 12. Nxg4 b4 13. Nxf6+ Nxf6 14. Na4 Nxe4 15.
Be5 Rg8 16. Bxc4 Bd6 17. Qh5 c5 $1 {Diese Neuerung hatte ich auch gefunden,
aber am Morgen vor dieser Partie hatte ich meine Analyse vertieft.
Kasimdzhanov hatte nämlich einige Wochen zuvor in seinem Kandidatenwettkampf
gegen Gelfand bereits 11...Nbd7 gespielt.} 18. Rd1 (18. O-O-O {sieht logischer
aus, ist aber wegen} Qc7 {[%cal Gc7c1] schlechter.}) 18... cxd4 19. Rxd4 Ke7 $2
({Nach der Partie gab mein Gegner zu, er habe seine Vorbereitung vergessen.
Dies bewies sein 30-minütiges Nachdenken an dieser Stelle, sowie die Tatsache,
dass der Textzug schlecht ist. Nach} 19... Qa5 20. Bxe6 Ng5 $1 (20... Rf8 $6
21. Bd5 $1 b3+ 22. Nc3 Nxc3 (22... bxa2 $2 23. O-O $1 $18) 23. O-O $1 Bxd5 24.
Bxd6 O-O-O 25. Bxf8 bxa2 26. bxc3 a1=Q 27. Rxa1 Qxa1+ 28. Kh2 $18) 21. Bxf7+ (
21. Bd7+ Kxd7 22. Rxd6+ Ke8 $1 23. hxg5 Qxe5+ 24. Qe2 Qxe2+ 25. Kxe2 $11) 21...
Nxf7 22. Rxd6 b3+ 23. Nc3 Qxe5+ 24. Qxe5+ Nxe5 25. Re6+ {besitzt Weiss einen
Mehrbauern, der aber kaum verwertbar ist. Höchstens kann er darauf hoffen,
seinen Gegner ein bisschen leiden zu lassen.}) ({Der beste Zug war aber} 19...
Qc7 $1 {, wobei die Chancen verteilt sind. Z.B:} 20. Bxd6 Nxd6 21. Bxe6 Bxg2 (
21... Rg6 22. Nc5 $5) 22. Rg1 Rg6 23. Nc5 (23. Rxg2 Rxg2 24. Kf1 Rg6 25. Nc5
$11) 23... Bf3 $1 24. Bxf7+ Nxf7 25. Qxg6 Qxc5 26. Re4+ Bxe4 27. Qxe4+ Kd7 28.
Qb7+ Qc7 29. Qxa8 Qc1+ 30. Ke2 Qxg1 31. Qxa7+ Ke6 {Weiss wird das kaum
verlieren.}) 20. Rh3 $1 {[%cal Gh3d3]} ({Dieser Angriffszug ist stärker als
der Tausch auf d6 oder} 20. Bd3 Nf6 $1 {Es ist ja klar, dass der Bb7 und der
Rg8 die weisse Rochade auf ewig verbieten. Weiss entwickelt also seinen Rh1
und droht die Verdoppelung auf der d-Linie.}) 20... Qc7 21. Rf3 {Erst nach
langem Nachdenken verstand ich hier, dass Weiss seinen Angriff richtig
entfalten könnte, falls er den Tausch auf d6 so lange wie möglich verzögern
könnte.} Raf8 ({Nach} 21... f6 {gewinnen verschiedene Züge:} 22. Bxe6 $1 $18 (
22. Rxd6 Qxc4 23. Rd4 $1 (23. b3 Qc8) 23... Qc1+ 24. Rd1 Qc8 25. Qxh6 $1 $18) (
{und sogar} 22. Qxh6 $18)) 22. Nc5 $1 ({Weiss bringt seine letzte inaktive
Figur ins Spiel, wobei der dreimal angegriffene Springer nicht geschlagen
werden darf. Unbefriedigend wäre hingegen} 22. Bxd6+ Nxd6 23. Rfd3 Be4 $1 24.
Rd2 Bxg2) 22... Rxg2 ({Schlecht sind sowohl} 22... Qxc5 23. Bxd6+ Qxd6 24. Rxd6
Nxd6 25. Rf4 $18) ({als auch} 22... b3 23. Rxb3 $18) ({Auf} 22... Bd5 {hatte
ich vor, meinen Angriff mittels} 23. Bxd6+ Nxd6 24. Rxd5 {fortzusetzen. Es ist
bereits aus, man sehe} exd5 25. Re3+ (25. Qxd5 Nxc4 26. Qxc4 $18) 25... Kd8 26.
Qxd5 $18) 23. Rxd6 $4 ({Den beiden Kontrahenten hatten hier nur noch wenig
Zeit zur Verfügung, wobei die Stellung noch ganz kompliziert ist. Mich reizte
plötzlich eine siegbringende Variante mit dem Textzug. Der Computer zeigt,
dass Weiss mittels} 23. Nxe6 $1 {leicht hätte gewinnen können. Dieses Opfer
zog ich nicht einmal in Betracht... Nach} Rg1+ 24. Ke2 fxe6 25. Rxf8 Kxf8 26.
Qxh6+ Rg7 27. Bxg7+ Qxg7 28. Qxe6 $1 (28. Qxg7+ Kxg7 29. Bd3 Kh6 30. Bxe4 Bc5
$11) 28... Be7 29. Rxe4 {wird sich Schwarz kaum retten können.}) ({Meine erste
Absicht auf 22...Rxg2 war} 23. Bxd6+ Nxd6 24. Rfd3 {gewesen. Ich hätte meinem
Gefühl folgen sollen, denn Weiss behält klaren Vorteil nach} Rg1+ 25. Ke2 Bd5 (
25... Rd8 26. Qe5 Bg2 27. Nxe6 $1 Bf1+ 28. Kf3 $18) 26. Rxd5 exd5 27. Qe5+ Kd8
28. Qxd5 Re8+ 29. Kf3 Ke7 (29... Rg6 $2 30. Nb7+) 30. Qe5+ Kf8 31. Qxd6+ Qxd6
32. Rxd6 Rc8 33. Rd5) 23... Rg1+ 24. Ke2 Nxd6 $2 ({Kasimdzhanov verbrachte
hier 8 seiner letzten 10 Minuten, fand aber den richtigen Zug doch nicht. In
meinen Überlegungen hatte ich zuvor} 24... Qxc5 25. Rxf7+ $1 (25. Rd4 Rg5 $1
26. Rfd3 $1 Bc6 27. hxg5 Qxe5) (25. b3 Ng5 $19) {für total gewonnen gehalten,
aber es gibt eine leichte Verteidigung:} 25... Rxf7 26. Rxe6+ Kd8 {Weiss hat
einen Turm weniger, kann sich aber noch knapp retten:} 27. Bf6+ $1 Rxf6 28.
Qe8+ Kc7 29. Re7+ Qxe7 30. Qxe7+ Kb6 31. f3 {Die Lage sieht katastrophal aus,
denn Weiss hat Material weniger und einen exponierten König. Der Computer
zeigt aber ruhig, dass alles in Ordnung ist!}) 25. Bf6+ Ke8 26. Re3 $2 ({
Ich führten diesen geplanten Zug sofort aus, verstand aber bald, dass er
verfehlt war. Gewonnen hätte} 26. Rd3 Rg6 (26... Bg2 27. Bxe6 {Schwarz kann
dem gegnerischen Monarch noch zu schwitzen geben, aber es hilft alles nichts.}
Bf1+ 28. Kf3 Bg2+ 29. Ke3 $1 Re1+ 30. Kd2 Ne4+ 31. Kxe1 Nxf6 32. Bd7+ Ke7 33.
Qe2+ Kd8 34. Be6+ Bd5 35. Bxd5 $18) 27. Qe5 $5 (27. Nxb7 Rxf6 28. Nxd6+ Ke7 29.
Qe5 Qb6 30. Ne4 $16) 27... Rxf6 28. Rxd6 Bc6 29. Na6 Bf3+ 30. Kd3 Be2+ 31. Ke3
$1 $18 {Alles ziemlich kompliziert, aber schön.}) 26... Rg6 27. Qxg6 $5 ({
Hier verbrachte ich meine letzten Minuten, um noch die beste Chance zu finden.
Nach} 27. Bxe6 Rxf6 28. Bd7+ Kd8 29. Qe5 Ne4 $5) ({oder} 27. Rxe6+ fxe6 28.
Qxg6+ Qf7 29. Bd3 Bd5 {steht Schwarz problemlos besser.}) 27... Qxc5 ({
Natürlich nicht} 27... fxg6 $4 28. Rxe6+ Kf7 29. Rxd6+ Ke8 30. Re6+ Kf7 31.
Rc6+ $18) 28. Rxe6+ Kd7 29. Rxd6+ ({Die Pointe sieht man nach} 29. Re7+ Kc6 $1
{Weiss verliert Material:} 30. Qg2+ Kb6 31. Rxb7+ Nxb7) 29... Kxd6 $6 ({
Nur der Computer findet in wenigen Sekunden, dass} 29... Kc7 $1 {Vorteil
behält.}) 30. Qd3+ $2 $138 ({Ein letzter Fehler, der nun den zweiten halben
Punkt kostet.} 30. Bg7+ {war einfach zu finden, und remisiert nach} fxg6 (30...
Kd7 31. Qd3+ Ke7 32. Bxf8+ Kxf8 $11) 31. Bxf8+ Kc6 32. Bxc5 Kxc5 33. Bd3) 30...
Kc7 31. Bd4 Re8+ 32. Kd2 Qd6 33. Be3 (33. Bxa7 $142) 33... Qe5 {Nun ist
natürlich alles vorbei.} 34. Kc1 Kb8 35. b3 Qa1+ 36. Qb1 Qe5 37. Qd3 Ka8 38.
Bxf7 Rc8+ 39. Bc4 Be4 40. Qd4 Qxd4 41. Bxd4 Bd5 42. Kd2 Bxc4 43. bxc4 Rxc4 44.
Kd3 Rc1 45. f4 Kb7 0-1

[Event "EU-ch 12th"]
[Site "Aix les Bains"]
[Date "2011.04.02"]
[Round "11"]
[White "Postny, Evgeny"]
[Black "Dreev, Alexey"]
[Result "1-0"]
[WhiteElo "2585"]
[BlackElo "2697"]
[Annotator "Postny,E"]
[PlyCount "55"]
[EventDate "2011.03.22"]
[EventType "swiss"]
[EventRounds "11"]
[EventCountry "FRA"]
[SourceTitle "CBM 142 Extra"]
[Source "ChessBase"]
[SourceDate "2011.06.27"]
[SourceVersion "1"]
[SourceVersionDate "2011.06.27"]
[SourceQuality "1"]

{After three wins in a row another tough opponent awaited me in the last round.
Grandmaster Alexey Dreev, not only a very strong player, but also appears
recently in great form, going to break once again the 2700 Elo barrier. In the
tournament I had already a fine score of +4, but, due to my inferior tie-break
had to win another game to qualify for the World Cup. Alexey had half a point
less, and only a win could give him a chance to qualify as well.} 1. d4 d5 2.
c4 c6 3. Nf3 Nf6 4. Nc3 e6 5. Qb3 {This is a sort of a side line. I wanted to
avoid the main lines of the Meran where Dreev has huge experience.} Nbd7 6. Bg5
h6 7. Bh4 g5 $5 {This move is perfectly playable, but, in general I was glad
that my opponent is taking some risks, as this gives me chances as well. The
solid alternative is, naturally, 7...Be7, while 7...Qa5 has appeared in the
practice of my opponent with both colours.} (7... Qa5 8. e3 Ne4 (8... Bd6 9.
Bd3 O-O 10. O-O dxc4 11. Bxc4 e5 12. Bg3 Qc7 13. Rac1 a6 14. Rfd1 exd4 15. Bxd6
Qxd6 16. Nxd4 Qc7 17. Be2 $14 {1-0 Dreev,A (2645)-Burmakin,V (2560)/Ubeda 1999/
CBM 068 ext (67)}) 9. Bd3 g5 10. Bg3 Nxg3 11. hxg3 Bg7 12. cxd5 exd5 13. Qc2
Nf6 14. Rb1 Qb4 15. a3 Qe7 16. b4 Be6 17. Na4 $14 {1-0 Kharlov,A (2499)-Dreev,
A (2657)/Dagomys 2008/CBM 124 (33)}) 8. Bg3 Nh5 9. e3 Nxg3 10. hxg3 Bg7 {
At the price of weakening the kingside Black gets the pair of bishops.} 11. Bd3
(11. g4 {might run into the typical idea} h5 $1 12. gxh5 g4 13. Nd2 Qg5 {
and Black is okay.}) 11... dxc4 12. Qxc4 $6 {Not the most natural recapture.} (
12. Bxc4 b5 (12... Qe7 $142 13. Be2 {This would lead to a long manoeuvring
game. Perhaps, White has nothing special.}) 13. Be2 (13. Bxe6 $6 fxe6 14. Qxe6+
Kf8 15. Qd6+ Kf7 16. Qxc6 Rb8 {In no way can Black can be worse here.}) 13...
a6 14. Ne4 Qe7 15. Rc1 $14) 12... c5 $2 {This move was made after a long
meditation and surprised me a lot.} (12... g4 $1 {During the game I was
concerned about this. The analysis shows that the position is approximately
balanced in this case.} 13. Ng1 $5 {This looks awkward, but has a point. The
knight is heading to f4.} (13. Nd2 e5 (13... c5 14. dxc5 (14. Nde4 cxd4 15.
Nd6+ Kf8 16. exd4 Nb6 17. Qb4 Kg8 $132) 14... Ne5 15. Qa4+ Bd7 16. Qc2 Nxd3+
17. Qxd3 Bc6 $44 {[%csl Gc6,Gg7]}) 14. O-O-O exd4 15. exd4 O-O 16. Bc2 Nf6 17.
Rhe1 Re8 (17... Be6 $6 18. Rxe6 fxe6 19. Qxe6+ Kh8 20. Nc4 $36) 18. Rxe8+ Qxe8
$11 {[%cal Gc8e6]}) 13... e5 (13... c5 14. Nge2 cxd4 15. Nxd4 Ne5 16. Qa4+ Bd7
17. Bb5 a6 18. Bxd7+ Qxd7 $11) 14. Nge2 exd4 15. exd4 Nb6 16. Qc5 Be6 17. O-O-O
Nd5 (17... Qg5+ 18. Nf4 O-O-O 19. Rh5 Qxc5 20. dxc5 $14) 18. Nxd5 Qxd5 19. Nf4
Qxc5+ 20. dxc5 Bxa2 21. Rhe1+ Kf8 22. Bf5 h5 23. Rd7 $36) 13. d5 $2 {Naturally,
I checked the capture, but found some non-existing line where Black gets
counterplay, and switched to the move in the text, which looks positionally
sound. Clearly, both players had become tired after the tough tournament and
couldn't calculate variations properly.} (13. dxc5 {Nothing works for Black;
here are a few sample lines:} Qa5 (13... Qe7 14. Ne4 O-O (14... Bxb2 15. Rb1
Bg7 16. Nd6+ Kf8 17. Be4 $18) 15. Rd1 $1 $18 ({Less clear is} 15. O-O-O $6 b5
$1 16. Qc2 Bb7)) (13... Nxc5 14. Qxc5 Qxd3 15. Rd1 Qf5 16. Qb4 {and Black's
king is in grave danger.}) 14. b4 Qa3 15. Nb5 $18) 13... exd5 14. Qxd5 (14.
Nxd5 $6 Nb6 {After the exchange of knights Black will be totally fine. In the
long run the pair of bishops might tell.}) 14... Qe7 (14... O-O 15. O-O-O (15.
Rd1 Qb6 $132 {[%csl Rb2]}) 15... Qb6 16. Nxg5 {I don't see anything better
than this.} Nf6 17. Qc4 hxg5 18. Nd5 Nxd5 19. Bh7+ Kh8 20. Bb1+ {is only a
perpetual check.}) 15. O-O-O a6 $6 {Covering the b5-square, since 15...Nb6 is
met by 16.Bb5+. However, the move is too slow. It's already dangerous for
Black to castle, but to keep the king in the centre is even more risky.} (15...
O-O 16. Qf5 Rd8 ({I saw the following trick:} 16... Nf6 $2 17. Nd5 $1 Bxf5 18.
Nxe7+ {wins a piece. This line also reveals the tactical drawback of 14...Qe7.}
) 17. Nd5 Qd6 {This looks extremely frightening, no human would go for such
position as Black. Only an engine manages to hold, take a look at some
fascinating lines.} 18. Nxg5 Ne5 19. Qh7+ Kf8 20. Nxf7 (20. Bc2 hxg5 (20... Bg4
21. Nxf7 $1 Nxf7 22. Nf4 Ng5 23. Rxd6 Rxd6 24. Ng6+ Kf7 25. Ne5+ Kf8 26. Qxg7+
Kxg7 27. Nxg4 $16) 21. Nf4 gxf4 (21... Qc7 22. Rxd8+ Qxd8 23. Nh5 Bf6 24. Qh6+
$18) 22. Rxd6 Rxd6 23. gxf4 $16) 20... Kxf7 $1 (20... Nxf7 21. Nf4 $1 Ng5 22.
Ng6+ Kf7 23. Bc4+ Be6 24. Rxd6 Nxh7 25. Rxe6 b5 26. Ne5+ Bxe5 27. Rxe5+ bxc4
28. Rxh6 {and White's pawn mass should eventually bring him a win.}) 21. Rh4 $1
Kf8 $1 22. Rf4+ Nf7 23. Rxf7+ $1 Kxf7 24. Nf4 Qf6 25. Bc4+ Be6 $1 26. Bxe6+ Ke7
27. Nd5+ Rxd5 28. Rxd5 Qxb2+ 29. Kd1 Rd8 $14) (15... Bxc3 $1 {This would have
been the best. Black should look for simplifications.} 16. bxc3 Nf6 17. Bb5+
Kf8 18. Qd8+ Qxd8 19. Rxd8+ Kg7 20. Rxh8 Kxh8 21. Nxg5 (21. Rxh6+ Kg7 22. Rh1
Ne4 23. Bd3 Nxf2 24. Rh7+ Kf6 25. Bc4 Be6 26. Bxe6 fxe6 27. Rxb7 Rd8 $132)
21... Kg7 22. Nh3 Be6 $44) 16. Ne4 Nb6 $2 {There was the last chance to castle
and keep the position alive.} (16... O-O 17. Bc2 (17. Nexg5 $2 Nf6) (17. Kb1 $5
) 17... Nf6 18. Qxc5 Qxe4 $3 {An amazing resource!} 19. Bxe4 Nxe4 20. Qb6 $1 (
20. Qc2 $2 Bf5 21. Rd5 Bg6 22. Qe2 Rac8+ 23. Kd1 Rc7 $1 24. Ne1 Rfc8 25. Nd3
Nf6 26. Rd6 Bxd3 27. Qxd3 Rc1+ 28. Ke2 R8c2+ {winning back the queen.}) 20...
Nxf2 21. Rxh6 Bf5 22. Rd5 Rac8+ 23. Kd2 Rc2+ 24. Ke1 Nd3+ 25. Kf1 g4 $1 26.
Rxf5 gxf3 27. Rxf3 Rxb2 28. Qd6 Ne5 29. Rf5 Rc8 30. Kg1 Rc1+ 31. Rf1 Rxf1+ 32.
Kxf1 Rb1+ 33. Ke2 Rb2+ 34. Kd1 Bxh6 {and no matter which piece White captures,
Black will have no difficulty in building a fortress. Remarkable piece play!})
17. Qb3 {Now the knight has to go back, and it's clear that something went
disastrously wrong for Black.} Nd7 18. Bb1 $1 $18 {Opening the d-file, as well
as preparing the battery along the diagonal b1-h7, in case Black castles.} c4 (
18... O-O {Now it's too late, the battery along the diagonal b1-h7 is ready.}
19. Qc2 f5 (19... Rd8 20. Nexg5 $1 hxg5 21. Rh8+ $1 Bxh8 22. Qh7+ Kf8 23. Qxh8#
) 20. Qb3+ Qf7 21. Qxf7+ Rxf7 22. Nd6 $18) 19. Qxc4 Ne5 20. Nxe5 Bxe5 21. f4
Be6 22. Qd3 Bg7 (22... Rc8+ 23. Bc2 Bc4 24. Qd2 f5 25. fxe5 fxe4 26. Kb1 {
is also lost for Black, but would have been more resistant.}) 23. Nd6+ Kf8 24.
e4 {Intending to cramp both Black's bishops by e4-e5 and f4-f5.} Qc7+ 25. Bc2
Qa5 26. a3 Ke7 27. Nf5+ $1 {I was intending to play 27.e5 at first, but then
spotted a simple trick.} Bxf5 28. Qd6+ {Qualified! Black resigned.} (28. Qd6+
Ke8 29. exf5 $18 {[%cal Rh1e1]}) 1-0

[Event "Saint Affrique op"]
[Site "Saint Affrique"]
[Date "1994.??.??"]
[Round "?"]
[White "Ikonnikov, Vyacheslav"]
[Black "Prie, Eric"]
[Result "1-0"]
[WhiteElo "2520"]
[BlackElo "2475"]
[Annotator "Prie,E"]
[PlyCount "47"]
[EventDate "1994.07.??"]
[EventType "swiss"]
[EventRounds "7"]
[EventCountry "FRA"]
[SourceTitle "EXT 1999"]
[Source "ChessBase"]
[SourceDate "1998.11.16"]
[SourceVersion "1"]
[SourceVersionDate "1998.11.16"]
[SourceQuality "1"]

1. d4 d5 2. Nf3 Nf6 3. c4 c6 4. Nc3 e6 5. Bg5 h6 6. Bh4 dxc4 7. e4 g5 8. Bg3 b5
9. Be2 Bb4 10. Qc2 g4 11. Nd2 Qxd4 12. O-O-O Qb6 13. Bxc4 bxc4 14. Nxc4 $6 Qa6
$2 (14... Qc5 $1 15. Nd6+ Ke7 16. a3 (16. e5 Nd5 17. Bh4+ Kd7 18. Nxf7 Rf8 19.
Nd6 (19. Qh7 Kc7 $1) 19... Kc7 20. Qh7+ Nd7 21. Nde4 Qa5 $17) 16... Bxc3 17.
Nxc8+ Rxc8 18. Bd6+ Qxd6 19. Rxd6 Kxd6 20. Qxc3 Nbd7 $2 21. e5+ $4 Nxe5 22. Qg3
Nd5 23. Re1 f6) 15. Qb3 Bxc3 $1 (15... Qb7 $1 16. Bd6 Na6 $1 17. a3 (17. Bxb4
Qxb4 18. Nd6+ Ke7) (17. Be5 Qe7 $2 (17... Be7 {Ikonnikov} 18. Qxb7 Bxb7 19.
Bxf6 Bxf6 20. Nd6+ Ke7 21. Nxb7)) (17. e5 $13 Bxc3 18. Qxc3 Nd5 19. Qg3 Nab4
$15) 17... Bc5 18. Qxb7 Bxb7 19. Be5 Ke7 20. b4 (20. Na5 Rhb8 21. Rd2 Bb6 22.
Bxb8 Rxb8 $11) 20... Nxb4 (20... Bb6 21. Bd6+ Ke8 22. Be5 $44) 21. Na5 Na6 22.
Nxb7 Bxa3+ 23. Kc2 Bb4 24. Ra1 Bxc3 25. Kxc3 Nb8 $1 $18) 16. Nd6+ Ke7 17. Qxc3
Nbd7 18. Bh4 e5 19. Nf5+ Ke8 20. Bxf6 Nxf6 21. Qxe5+ Be6 22. Ng7+ Kf8 23. Nxe6+
Kg8 24. Nc7 1-0

[Event "Amsterdam NH Hotels 5th"]
[Site "Amsterdam"]
[Date "2010.08.20"]
[Round "8"]
[White "Ljubojevic, Ljubomir"]
[Black "Giri, Anish"]
[Result "0-1"]
[WhiteElo "2572"]
[BlackElo "2672"]
[Annotator "RR"]
[PlyCount "66"]
[EventDate "2010.08.12"]
[EventType "schev"]
[EventRounds "10"]
[EventCountry "NED"]
[SourceTitle "CBM 138"]
[Source "ChessBase"]
[SourceDate "2010.09.17"]
[SourceVersion "1"]
[SourceVersionDate "2010.09.17"]
[SourceQuality "1"]

1. d4 d5 2. Nf3 Nf6 3. c4 c6 4. Nc3 e6 5. Bg5 h6 6. Bxf6 Qxf6 7. Qc2 {Wenn die
Stellung nach 14 Zügen die Konsequenz von 7.Qc2 ist, taugt die Variante nicht
viel.} dxc4 8. e3 b5 9. a4 (9. Nxb5 $5) 9... Bb7 10. axb5 cxb5 11. Nxb5 Bb4+
12. Nc3 (12. Nd2 O-O 13. Nc7 e5 $13) 12... O-O 13. Be2 Rc8 14. O-O Nd7 15. Rfc1
{Das ist eine Stellung, die scheinbar ganz ordentlich für Weiß aussieht und
immer wieder angestrebt wird, aber die Resultate sind nicht besonders gut. Es
ist wohl so, dass, wenn Weiß c4 wirklich erobert, Schwarz inzwischen zu viel
Spiel bekommt.} a5 16. Qd1 e5 $1 17. Na4 Qg6 18. Bxc4 exd4 19. exd4 Rd8 20. Qb3
({Der Computer gibt diese interessante Variante an:} 20. Nc3 Ne5 21. Bd5 Bxd5
22. dxe5 {, aber Schwarz hat auch hier genug Kompensation für den Bauern.})
20... Qf5 21. Ne1 {Das ist riskant.} ({Nach} 21. d5 {würde dieser Bauer
vielleicht verloren gehen, aber nur mit Abtausch und ausgeglichener Stellung.})
21... Rab8 22. Nc2 Bd2 $1 23. Rd1 ({Nach} 23. Ne3 $2 Qg5 $1 24. Bxf7+ Kh8 {
sieht es nicht gut für Weiß aus.}) 23... Bxg2 24. Bxf7+ Kh8 25. Qe6 $2 {
Das führt zu einer sehr schlechten Stellung.} ({Nach} 25. Qg3 {ist die Lage
schwierig, aber nicht hoffnungslos.}) 25... Qxc2 26. Kxg2 Nf6 {Jetzt behindert
der Bd2 das Zusammenspiel der weißen Figuren enorm.} 27. Qc4 Qe4+ 28. f3 Qh4 ({
Genauer ist} 28... Qf4 $1) 29. Kh1 $2 ({Weitaus zäher ist} 29. Qe2 $1 {und z.B.
} Rxd4 30. Kh1 Rbd8 $140 $6 (30... Bb4 $17 {[%csl Gc5]}) 31. Nc5 $1 Bf4 32.
Rxd4 Rxd4 33. Ne6 $1 Rd2 34. Nf8 Rxe2 35. Ng6+ {mit Dauerschach.}) 29... Ne4 $1
$19 30. Rg1 (30. fxe4 Qxe4+ 31. Kg1 Be3+ 32. Kf1 Qf3+ 33. Ke1 Qf2#) 30... Nf2+
31. Kg2 Rxd4 32. Qe6 Bf4 33. Kf1 Nd1 0-1

[Event "Sautron op 13th"]
[Site "Sautron"]
[Date "2013.10.27"]
[Round "2"]
[White "Ider, Borya"]
[Black "Burmakin, Vladimir"]
[Result "1/2-1/2"]
[WhiteElo "2377"]
[BlackElo "2581"]
[Annotator "RR"]
[PlyCount "29"]
[EventDate "2013.10.26"]
[EventType "swiss"]
[EventRounds "9"]
[EventCountry "FRA"]
[SourceTitle "EXT 2016"]
[Source "ChessBase"]
[SourceDate "2015.10.08"]
[SourceVersion "1"]
[SourceVersionDate "2015.10.08"]
[SourceQuality "1"]
[TimeControl "6000+245"]
[WhiteClock "1:27:55"]
[BlackClock "1:18:40"]

1. d4 d5 2. Nf3 c6 3. c4 Nf6 4. Qb3 e6 (4... dxc4 {Retombe sur la variante Qc2}
5. Qxc4 Bf5) 5. Bg5 (5. Nc3) (5. g3) 5... h6 6. Bxf6 Qxf6 7. Nc3 Nd7 8. e4 dxe4
9. Nxe4 Qf5 (9... Qf4 10. Bd3 e5 11. O-O exd4 12. Nxd4 Nc5 13. Nxc5 Bxc5 14.
Rae1+ Kf8 15. Re4 Qf6 16. Qc3 a5 17. Rfe1 Bd7 18. R1e3 Bb4 19. Qc2 Qd6 20. Rf3
h5 21. c5 Bxc5 22. Bc4 f6 23. Ne6+ Bxe6 24. Rxe6 Qd7 25. Qf5 Qd4 26. Re4 Qd1+
27. Bf1 Bd6 28. Rd3 Bxh2+ 29. Kxh2 Qxf1 30. Rd7 {1-0 (30) Mamedyarov,S (2757)
-Topalov,V (2772) Sofia 2007}) 10. Bd3 Qa5+ 11. Nc3 Be7 12. O-O O-O 13. Rfe1
$14 {[%csl Rc8] Les Noirs ont du mal à réaliser les leviers libérateurs
"c5" et "e5"} Rd8 14. Rad1 Nf8 $146 (14... Qc7 15. Bb1 b6 16. Qc2 Nf8 17. Ne5
Bb7 18. Qe2 Bf6 19. f4 c5 20. d5 a6 21. Be4 Rab8 22. Qh5 g6 23. Qxh6 Bxe5 24.
fxe5 Qxe5 25. Bxg6 Qg7 26. Qxg7+ Kxg7 27. Be4 exd5 28. Bxd5 Bxd5 29. Rxd5 Ne6
30. Red1 Rxd5 31. cxd5 Nd4 32. Na4 Rd8 33. Nxb6 Rd6 34. Nc4 Rxd5 35. Rd2 Rf5
36. Rf2 Rd5 37. Kf1 Ne6 38. Rd2 Rf5+ 39. Ke1 Nd4 40. Rf2 Rd5 41. b3 f5 42. Rd2
Rd8 43. Kf2 Kf6 44. Rd1 {Murdzia,P (2471)-Abergel,T (2532) Germany 2009 1-0 
(79)}) 15. a3 {Les deux adversaires ont recu un avertissement de la part de
l'arbitre pour non respect du réglement qui imposait un minimum de 25 coups
pour proposer nulle.} 1/2-1/2